Rozšírenie a vplyv českej a slovenskej literatúry v Bulharsku

Bibliographic Details
Main Author: Georgiev, Emil, 1910-1982 (Author)
Other Authors: T. M. (Translator)
Format: Article
Language:Slovak
Bulgarian
Subjects:

MARC

LEADER 00000cab a2200000 4500
001 vtls011524709
003 SK-MaSNL
005 20260304181414.0
008 230704|1954 xo |||||||||||||||||slo|
015 |a SNBRB 
035 |a (urnnbn)urn:nbn:sk:snk:ar-002kzj 
035 |a (uuid)5be24e9e-5115-4138-a05d-cd5f5e108388 
035 |a urn:nbn:sk:snk-abec6r 
040 |a SNKBUCL  |b slo  |c SNKBUCL  |e AACR2 
041 1 |a slo  |h bul 
043 |a bu----- 
044 |a xo  |c SK 
072 7 |a 821.09  |x Literatúra v rôznych jazykoch (o nej)  |2 konspekt 
080 |a 821.09  |2 2011 
080 |a 821.162.3  |2 2011 
080 |a 821.162.4  |2 2011 
100 1 |a Georgiev, Emil,  |d 1910-1982  |4 aut  |9 466949 
245 1 0 |a Rozšírenie a vplyv českej a slovenskej literatúry v Bulharsku  |c Emil Georgiev ; preložil M. T. 
650 0 7 |a slovenská literatúra  |2 SNKPH  |9 1115 
650 0 7 |a česká literatúra  |2 SNKPH  |9 1178 
651 7 |a Bulharsko  |2 SNKPHgeo  |9 20172 
700 0 |a T. M.  |4 trl  |9 1025445 
773 0 |t Slovenské pohľady  |g Roč. 70, č. 5 (1954), s. 497-500 
850 |a Slovenská národná knižnica 
852 |a Slovenská národná knižnica 
954 |a odborná, vedecká literatúra pôvodná (slovenská)  |2 lita 
958 |a LX 
958 |a BX 
958 |a CZ 
958 |a BG 
958 |a OND 
958 |a EUIPO 
958 |a article21 
999 |c 3023813  |d 3025743